[Event "AUTO-OPEN-2162"]
[Site "http://www.queenalice.com/game.php?id=888681"]
[Date "2011.1.20"]
[Round "2"]
[White "clovis"]
[Black "guzanito"]
[Result "1/2-1/2"]
[WhiteElo "1985"]
[BlackElo "2260"]

1. e4 e5 2. Bc4 Nc6 3. Nf3 Nf6 4. Ng5 d5 5. exd5 Na5 6. d3 h6 7. Nf3 e4 8. Qe2
Qe7 9. dxe4 Qxe4 10. Nc3 Qxe2+ 11. Bxe2 Bb4 12. O-O O-O 13. Bd2 b6 14. a3 Bxc3
15. Bxc3 Nxd5 16. Bxa5 Nf4 17. Bc4 bxa5 18. Rfe1 Bb7 19. Re7 Bxf3 20. gxf3 c6
21. Rd1 Ng6 22. Rc7 Ne5 23. Be2 g5 24. b3 Rfc8 25. Rb7 Rcb8 26. Rc7 Rc8 27. Rb7
Rcb8 28. Rc7 1/2-1/2

[Event "AUTO-OPEN-2162"]
[Site "http://www.queenalice.com/game.php?id=888682"]
[Date "2011.1.20"]
[Round "2"]
[White "guzanito"]
[Black "clovis"]
[Result "1-0"]
[WhiteElo "2256"]
[BlackElo "2005"]

1. e4 e5 2. Nf3 Nc6 3. Bc4 Nf6 4. Ng5 Bc5 5. Bxf7+ Ke7 6. Bb3 Rf8 7. d3 d6 8. h3
h6 9. Nf3 Qe8 10. Nc3 Nh5 11. Nd5+ Kd8 12. Qe2 Nf4 13. Bxf4 exf4 14. O-O-O Be6
15. Kb1 Kd7 16. d4 Bb6 17. Nxb6+ axb6 18. d5 1-0

[Event "AUTO-OPEN-2162"]
[Site "http://www.queenalice.com/game.php?id=888687"]
[Date "2011.1.20"]
[Round "2"]
[White "guzanito"]
[Black "GRANMMAESTRO"]
[Result "1-0"]
[WhiteElo "2249"]
[BlackElo "2022"]

1. e4 e5 2. Nf3 Nc6 3. Bc4 h6 4. c3 Nf6 5. d3 Bc5 6. h3 d6 7. O-O Be6 8. Bb3 Qd7
9. d4 Bxb3 10. axb3 exd4 11. cxd4 Bb6 12. Nc3 O-O 13. Re1 a6 14. d5 Ne7 15. Bf4
Ng6 16. Bg3 Rae8 17. Nd4 Bxd4 18. Qxd4 Ne5 19. b4 Nh5 20. Bh2 f5 21. Qd1 Nf6 22.
f4 Ng6 23. e5 dxe5 24. fxe5 Nh7 25. e6 Qd8 26. b5 axb5 27. Nxb5 f4 28. Qc2 c6
29. Qxg6 Qb6+ 30. Kh1 Qxb5 31. d6 Qxb2 32. e7 Rf7 33. d7 1-0

[Event "AUTO-OPEN-2162"]
[Site "http://www.queenalice.com/game.php?id=888688"]
[Date "2011.1.20"]
[Round "2"]
[White "GRANMMAESTRO"]
[Black "guzanito"]
[Result "0-1"]
[WhiteElo "2015"]
[BlackElo "2254"]

1. e4 e5 2. Nf3 Nc6 3. Bc4 Nf6 4. Nc3 Bc5 5. d3 h6 6. Be3 Bb6 7. Qd2 d6 8. h3
Be6 9. Bd5 Bxd5 10. Nxd5 Nxd5 11. exd5 Ne7 12. c4 f5 13. a4 f4 14. Bxb6 axb6 15.
b3 O-O 16. Qe2 b5 17. Qe4 bxa4 18. bxa4 c6 19. dxc6 Qa5+ 20. Ke2 bxc6 21. Rhb1
Qc3 22. Nd2 Rfb8 23. g3 d5 24. cxd5 cxd5 25. Qh1 Rxb1 26. Qxb1 fxg3 27. fxg3 Nf5
28. Qb7 Nxg3+ 29. Kf2 Rf8+ 30. Nf3 Qxa1 31. Qxd5+ Kh8 32. Kxg3 Qxa4 33. Qxe5 Qd1
0-1

[Event "AUTO-MASTER-1348"]
[Site "http://www.queenalice.com/game.php?id=901222"]
[Date "2011.2.16"]
[Round "1"]
[White "mad_knight"]
[Black "guzanito"]
[Result "0-1"]
[WhiteElo "2295"]
[BlackElo "2263"]

1. e4 e5 2. Nf3 Nc6 3. d4 exd4 4. Nxd4 Bc5 5. Be3 Qf6 6. c3 Nge7 7. Bc4 O-O 8.
O-O Bb6 9. Bb3 d6 10. Nb5 Ba5 11. Nd2 Qg6 12. f3 a6 13. Nd4 Bb6 14. Nc4 Ba7 15.
a4 Be6 16. Nxe6 fxe6 17. Bxa7 Rxa7 18. Qe2 Kh8 19. Rae1 Raa8 20. f4 Qh6 21. Qg4
e5 22. f5 Ng8 23. Ne3 Nf6 24. Qe2 Ne7 25. Qc4 Rac8 26. Bc2 Qh5 27. Rf3 Qe8 28.
Qb4 Qc6 29. Rd1 b5 30. Rh3 Rb8 31. axb5 Rxb5 32. Qa3 Rbb8 33. c4 h6 34. b3 Rf7
35. Rh4 Qb6 36. Rd3 Nc6 37. c5 Qxc5 38. Qxc5 dxc5 39. Rc3 Nd4 40. Rxc5 Nxc2 41.
Nxc2 Rxb3 42. Ne1 Rb5 0-1

[Event "AUTO-MASTER-1348"]
[Site "http://www.queenalice.com/game.php?id=901223"]
[Date "2011.2.16"]
[Round "1"]
[White "guzanito"]
[Black "mad_knight"]
[Result "1-0"]
[WhiteElo "2240"]
[BlackElo "2345"]

1. e4 e6 2. d4 d5 3. exd5 Qxd5 4. c4 Qd8 5. Nf3 Nf6 6. Bd3 Nc6 7. Be3 Bd6 8. Nc3
O-O 9. O-O h6 10. Qd2 Ng4 11. Nb5 Nxe3 12. fxe3 f5 13. Nxd6 Qxd6 14. c5 Qd5 15.
b4 a6 16. Rae1 Qd8 17. a4 Qd5 18. b5 Ne7 19. Ne5 Qd8 20. bxa6 bxa6 21. Rb1 a5
22. Bb5 Ba6 23. Qxa5 Qc8 24. Bd7 Bxf1 25. Bxc8 Rfxc8 26. Qd2 Ba6 27. e4 fxe4 28.
Qf4 Rf8 29. Qxe4 1-0

[Event "AUTO-MASTER-1348"]
[Site "http://www.queenalice.com/game.php?id=901238"]
[Date "2011.2.16"]
[Round "1"]
[White "souzaxm"]
[Black "guzanito"]
[Result "0-1"]
[WhiteElo "2034"]
[BlackElo "2255"]

1. d4 d5 2. c4 c6 3. Nc3 Nf6 4. Nf3 dxc4 5. a4 Bf5 6. e3 e6 7. Bxc4 Bb4 8. O-O
Nbd7 9. Qb3 a5 10. Bd2 O-O 11. Rac1 Re8 12. Ne2 Bxd2 13. Nxd2 Qb6 14. Ng3 Bg6
15. Rfd1 Rad8 16. Nf3 Ne4 17. Nh4 Nxg3 18. hxg3 Bh5 19. Re1 e5 20. dxe5 Qxb3 21.
Bxb3 Nxe5 22. Bd1 Bxd1 23. Rexd1 Nd3 24. Rc2 Rd5 25. Rcd2 Nxb2 26. Rxd5 cxd5 27.
Rxd5 Nxa4 28. Rxa5 Nc3 0-1

[Event "AUTO-MASTER-1348"]
[Site "http://www.queenalice.com/game.php?id=901239"]
[Date "2011.2.16"]
[Round "1"]
[White "guzanito"]
[Black "souzaxm"]
[Result "1-0"]
[WhiteElo "2260"]
[BlackElo "1956"]

1. e4 e5 2. Nf3 Nf6 3. Nxe5 d6 4. Nf3 Nxe4 5. Nc3 Nf6 6. Be2 Be7 7. d4 d5 8. O-O
O-O 9. Bf4 Re8 10. Nb5 Na6 11. h3 Bf5 12. c4 c6 13. Nc3 Nc7 14. Qb3 Rb8 15. cxd5
cxd5 16. Bxc7 Qxc7 17. Nxd5 Nxd5 18. Qxd5 Be6 19. Qe4 Rbc8 20. Bb5 Bd7 21. Bxd7
Qxd7 22. Ne5 Qb5 23. Qf5 Bf6 24. Rfd1 h6 25. b3 Rc7 26. f4 1-0

[Event "AUTO-MASTER-1348"]
[Site "http://www.queenalice.com/game.php?id=901250"]
[Date "2011.2.16"]
[Round "1"]
[White "guzanito"]
[Black "Artking"]
[Result "1-0"]
[WhiteElo "2259"]
[BlackElo "1936"]

1. e4 c5 2. c3 d5 3. e5 Bf5 4. d4 e6 5. Nf3 h6 6. Bd3 Bxd3 7. Qxd3 Ne7 8. O-O
Nd7 9. Be3 Nf5 10. Nbd2 Nxe3 11. fxe3 Qb6 12. Rab1 Be7 13. Kh1 O-O 14. e4 dxe4
15. Nxe4 Rad8 16. b4 Qc7 17. bxc5 f5 18. Nd6 b6 19. Qc4 Kh8 20. cxb6 axb6 21.
Qxc7 1-0

[Event "AUTO-MASTER-1348"]
[Site "http://www.queenalice.com/game.php?id=901251"]
[Date "2011.2.16"]
[Round "1"]
[White "Artking"]
[Black "guzanito"]
[Result "1-0"]
[WhiteElo "1950"]
[BlackElo "2261"]

1. e4 e5 2. Nf3 Nc6 3. Bb5 a6 4. Ba4 Nf6 5. O-O Nxe4 6. Re1 d5 7. Bxc6+ bxc6 8.
d3 Nf6 9. Nxe5 Bd6 10. Nxc6+ Be6 11. Nxd8 Rxd8 12. Bg5 O-O 13. Nd2 Be7 14. Nf3
h6 15. Bf4 c5 16. Ne5 Rc8 17. Ng6 Rfe8 18. Nxe7+ Rxe7 19. c3 Rb7 20. Re2 Bg4 21.
f3 Bf5 22. Qd2 Nh5 23. Bxh6 gxh6 24. g4 1-0

[Event "AUTO-OPEN-2181"]
[Site "http://www.queenalice.com/game.php?id=911522"]
[Date "2011.3.11"]
[Round "2"]
[White "guzanito"]
[Black "adsymil"]
[Result "1-0"]
[WhiteElo "2277"]
[BlackElo "1841"]

1. e4 e5 2. Nf3 Bc5 3. Bc4 Nf6 4. b4 Bd4 5. c3 Bb6 6. Nxe5 Qe7 7. d4 Nxe4 8. Qe2
Nd6 9. Bd3 a5 10. O-O axb4 11. Bg5 f6 12. Qh5+ Kd8 13. Ng6 Qe8 14. Qh4 hxg6 15.
Bxf6+ gxf6 16. Qxf6+ Qe7 17. Qxh8+ Ne8 18. Bxg6 Qe6 19. Bh5 d5 20. Nd2 Bd7 21.
Rfe1 Qc6 22. Rxe8+ Bxe8 23. Re1 Qa4 24. Bxe8 c6 25. Bxc6+ Kc7 26. Bxa4 Rxa4 27.
Re7+ 1-0

[Event "AUTO-OPEN-2181"]
[Site "http://www.queenalice.com/game.php?id=911523"]
[Date "2011.3.11"]
[Round "2"]
[White "adsymil"]
[Black "guzanito"]
[Result "0-1"]
[WhiteElo "1843"]
[BlackElo "2276"]

1. d4 e5 2. dxe5 d6 3. exd6 Bxd6 4. Nc3 Nf6 5. Nf3 Nc6 6. Bd2 Bg4 7. Ng5 Qe7 8.
f3 Bh5 9. e4 O-O-O 10. Qe2 Nd4 11. Qd3 Ne6 12. O-O-O Bf4 13. Qb5 Rxd2 14. Rxd2
Bxg5 15. Nd5 Nxd5 16. exd5 Nd4 17. Qc4 Qe1# 0-1

[Event "AUTO-OPEN-2181"]
[Site "http://www.queenalice.com/game.php?id=911524"]
[Date "2011.3.11"]
[Round "2"]
[White "guzanito"]
[Black "forth_generation"]
[Result "0-1"]
[WhiteElo "2278"]
[BlackElo "2394"]

1. e4 c5 2. Nf3 d6 3. d4 cxd4 4. Nxd4 Nf6 5. Nc3 a6 6. Bd3 e6 7. O-O Nc6 8. Be3
Be7 9. Kh1 Nxd4 10. Bxd4 e5 11. Be3 O-O 12. f4 Qc7 13. f5 b5 14. a3 Bb7 15. Bg5
Rfd8 16. Qe1 Rac8 17. Rd1 Rd7 18. Qg3 Nh5 19. Qh4 Bxg5 20. Qxh5 Qd8 21. Rf3 h6
22. Rdf1 d5 23. exd5 Rxc3 24. bxc3 Bxd5 25. Rg3 e4 26. Be2 Qf6 27. Rb1 e3 28.
Bd3 Qxc3 29. Rxg5 hxg5 30. Qxg5 Qe5 31. Qh4 Bc6 32. Re1 f6 33. h3 Rd4 34. Qh5
Qg3 35. Re2 Ra4 0-1

[Event "AUTO-OPEN-2181"]
[Site "http://www.queenalice.com/game.php?id=911525"]
[Date "2011.3.11"]
[Round "2"]
[White "forth_generation"]
[Black "guzanito"]
[Result "1-0"]
[WhiteElo "2435"]
[BlackElo "2247"]

1. e4 e5 2. Nf3 Nc6 3. Bb5 a6 4. Ba4 Nf6 5. O-O Nxe4 6. d4 exd4 7. Nxd4 Qf6 8.
Nf3 Bc5 9. Qd3 Qg6 10. Nc3 Nxc3 11. Re1+ Kd8 12. bxc3 Qxd3 13. cxd3 f6 14. d4
Bd6 15. Bc2 b5 16. a4 b4 17. c4 Rb8 18. Rb1 a5 19. c5 Bf8 20. Bb3 Ba6 21. Bb2
Ne7 22. Nd2 c6 23. Nc4 Bxc4 24. Bxc4 Nd5 25. Re2 h5 26. Rbe1 Kc7 27. Re8 Rd8 28.
Kf1 d6 29. Bb3 Kd7 30. Rxd8+ Kxd8 31. cxd6 Bxd6 32. g3 h4 33. Kg2 Kd7 34. Bc2
Rb8 35. Rc1 Re8 36. Kf3 hxg3 37. Bf5+ Kc7 38. hxg3 Rh8 39. Be6 Kb6 40. Kg2 Rh7
41. Bf5 Rh6 42. Bc2 g5 43. Re1 Kc7 44. Re8 1-0

[Event "AUTO-OPEN-2162"]
[Site "http://www.queenalice.com/game.php?id=941161"]
[Date "2011.5.22"]
[Round "3"]
[White "guzanito"]
[Black "trolldetroy"]
[Result "1-0"]
[WhiteElo "2221"]
[BlackElo "2012"]

1. e4 e5 2. Nf3 Nc6 3. Bc4 Nf6 4. Ng5 d5 5. exd5 Nxd5 6. Nxf7 Kxf7 7. Qf3+ Qf6
8. Bxd5+ Ke8 9. Bxc6+ bxc6 10. Qxf6 gxf6 11. d3 Bc5 12. Be3 Bd6 13. Nd2 Kf7 14.
Nb3 Rg8 15. g3 Bh3 16. O-O-O a5 17. a3 Be6 18. Nc5 Bd5 19. Rhe1 Bf3 20. Rd2 Rab8
21. d4 Rge8 22. dxe5 Bxc5 23. Bxc5 fxe5 24. Rd7+ Kg6 25. Rxc7 Rb5 26. b4 axb4
27. Bxb4 Reb8 28. c4 Rxb4 29. axb4 Rxb4 30. Rxe5 Rxc4+ 31. Kd2 Bd5 32. f4 Ra4
33. Ke3 Ra3+ 34. Kd4 Ra2 35. h4 Rg2 36. Rg5+ Kf6 37. Kc5 h6 38. Rh5 Kg6 39. Rxd5
cxd5 40. Kxd5 Rxg3 41. Ke5 Re3+ 42. Kd4 Re1 43. Rc5 Rh1 44. h5+ Kf6 45. Ke3 Re1+
46. Kf2 Re6 47. Ra5 Rb6 48. Kf3 Re6 49. Kg4 Re1 50. Ra6+ Kg7 51. Kf5 Re7 52. Rf6
Re2 53. Rg6+ Kh7 54. Kf6 Rh2 55. Rg7+ Kh8 56. Re7 Rg2 57. f5 Rg5 58. Ra7 Kg8 59.
Ra8+ Kh7 60. Re8 Rxh5 61. Re7+ Kg8 62. Re8+ Kh7 63. Ke6 Rh1 64. f6 Re1+ 65. Kf7
Rf1 66. Re7 Kh8 67. Kg6 Rg1+ 68. Kxh6 Rh1+ 69. Kg6 Rg1+ 70. Kf7 Rf1 71. Re3 Rh1
72. Kf8 Rh6 73. f7 1-0

[Event "AUTO-OPEN-2162"]
[Site "http://www.queenalice.com/game.php?id=941162"]
[Date "2011.5.22"]
[Round "3"]
[White "trolldetroy"]
[Black "guzanito"]
[Result "0-1"]
[WhiteElo "2007"]
[BlackElo "2222"]

1. e4 e5 2. Nf3 Nc6 3. h3 Bc5 4. Bc4 Nf6 5. d3 d6 6. O-O h6 7. a3 O-O 8. Nc3 Bb6
9. Nh2 Be6 10. Bxe6 fxe6 11. Ng4 Qe7 12. Be3 Nd4 13. Nh2 Rf7 14. Qd2 Raf8 15.
Ne2 Nxe2+ 16. Qxe2 d5 17. Bxb6 axb6 18. f3 c6 19. c3 Nh5 20. Qf2 b5 21. Rad1 Nf4
22. Ng4 Qg5 23. Kh2 h5 24. Ne3 Rf6 25. exd5 exd5 26. b4 Rg6 27. g4 Nxh3 28. Kxh3
hxg4+ 29. Nxg4 Rf4 30. Qg3 Qh5+ 31. Qh4 Qf5 32. Qd8+ Kh7 33. Kg2 Rgxg4+ 34. fxg4
Rxg4+ 0-1

[Event "AUTO-MASTER-1284"]
[Site "http://www.queenalice.com/game.php?id=956487"]
[Date "2011.7.3"]
[Round "2"]
[White "guzanito"]
[Black "technicaldraw"]
[Result "1-0"]
[WhiteElo "2269"]
[BlackElo "2009"]

1. e4 c5 2. Nf3 e6 3. d4 cxd4 4. Nxd4 a6 5. Bd3 Bc5 6. Be3 Qf6 7. c3 Nc6 8. Nc2
Bxe3 9. Nxe3 Qe7 10. O-O Nf6 11. Nd2 Ne5 12. Bc2 b5 13. f4 Nc6 14. Kh1 Bb7 15.
Qe1 d6 16. Rd1 Nd7 17. f5 O-O-O 18. a4 Na7 19. b4 bxa4 20. Bxa4 Kb8 21. Nec4 Nf6
22. Rb1 e5 23. b5 Ka8 24. bxa6 1-0

[Event "AUTO-MASTER-1284"]
[Site "http://www.queenalice.com/game.php?id=956488"]
[Date "2011.7.3"]
[Round "2"]
[White "technicaldraw"]
[Black "guzanito"]
[Result "1-0"]
[WhiteElo "2014"]
[BlackElo "2241"]

1. e4 e5 2. Nf3 Nc6 3. Bb5 Nd4 4. Nxd4 exd4 5. O-O Bc5 6. Bc4 c6 7. Bxf7+ Kxf7
8. Qh5+ g6 9. Qxc5 Qf6 10. e5 Qe6 11. Qxd4 Ne7 12. Qf4+ Kg7 13. d4 Rf8 14. Qg3
Nf5 15. Qd3 d6 16. exd6 Qxd6 17. c3 Be6 18. g3 Rae8 19. Bf4 Qd7 20. Nd2 Kg8 21.
Ne4 b6 22. Be5 Qd8 23. a4 c5 24. a5 cxd4 25. cxd4 bxa5 26. Qa6 Nxd4 27. Bxd4
Qxd4 28. Ng5 Bc8 29. Qc6 Re7 30. Rxa5 1-0

[Event "AUTO-MASTER-1284"]
[Site "http://www.queenalice.com/game.php?id=956489"]
[Date "2011.7.3"]
[Round "2"]
[White "guzanito"]
[Black "boparame"]
[Result "0-1"]
[WhiteElo "2273"]
[BlackElo "2236"]

1. e4 c6 2. d4 d5 3. Nc3 dxe4 4. Bc4 Nf6 5. f3 Nbd7 6. Bg5 Qb6 7. Bb3 a5 8. fxe4
a4 9. Bxa4 Rxa4 10. Bxf6 Rc4 11. Be5 Qxb2 12. Nge2 Rxc3 13. Rb1 Qxc2 14. Nxc3
Qxc3+ 15. Qd2 Qxd2+ 16. Kxd2 Nxe5 17. dxe5 e6 0-1

[Event "AUTO-MASTER-1284"]
[Site "http://www.queenalice.com/game.php?id=956490"]
[Date "2011.7.3"]
[Round "2"]
[White "boparame"]
[Black "guzanito"]
[Result "1-0"]
[WhiteElo "2230"]
[BlackElo "2260"]

1. f4 e5 2. fxe5 d6 3. exd6 Bxd6 4. Nf3 Bg4 5. e3 Nc6 6. d4 Qe7 7. Bb5 Nf6 8.
O-O O-O 9. c4 Rad8 10. Nc3 Ne4 11. Nxe4 Qxe4 12. Ng5 Bxd1 13. Nxe4 Be2 14. Rf2
Bd3 15. Nxd6 Rxd6 16. c5 1-0

[Event "AUTO-MASTER-1348"]
[Site "http://www.queenalice.com/game.php?id=981623"]
[Date "2011.9.5"]
[Round "2"]
[White "guzanito"]
[Black "eductx"]
[Result "0-1"]
[WhiteElo "2237"]
[BlackElo "2118"]

1. e4 e5 2. Nf3 Nf6 3. Nxe5 d6 4. Nf3 Nxe4 5. Nc3 Nxc3 6. dxc3 Be7 7. Bd3 O-O 8.
Bf4 Nc6 9. Qd2 Bg4 10. h3 Bh5 11. O-O-O Ne5 12. Be4 c6 13. Bxe5 dxe5 14. Qxd8
Raxd8 15. Rxd8 Bxd8 16. Re1 f5 17. Bxc6 bxc6 18. Nxe5 Re8 19. f4 Bh4 20. Re3 Bf2
21. Rd3 Be2 22. Rd7 Be3+ 23. Kb1 Bxf4 24. Nxc6 Bb5 25. Re7 Bxc6 0-1

[Event "AUTO-MASTER-1348"]
[Site "http://www.queenalice.com/game.php?id=981624"]
[Date "2011.9.5"]
[Round "2"]
[White "eductx"]
[Black "guzanito"]
[Result "0-1"]
[WhiteElo "2137"]
[BlackElo "2228"]

1. Nf3 d6 2. d4 e5 3. dxe5 Nc6 4. g3 Bg4 5. exd6 Bxd6 6. Bg2 Qe7 7. Nc3 O-O-O 8.
Bg5 Nf6 9. Nd5 Qe6 10. Nd4 Nxd4 11. Qxd4 Qxe2# 0-1

[Event "AUTO-MASTER-1348"]
[Site "http://www.queenalice.com/game.php?id=981625"]
[Date "2011.9.5"]
[Round "2"]
[White "guzanito"]
[Black "maubert"]
[Result "0-1"]
[WhiteElo "2227"]
[BlackElo "2290"]

1. e4 c5 2. Nf3 d6 3. d4 cxd4 4. Nxd4 Nf6 5. Nc3 a6 6. Bd3 e5 7. Nde2 Be6 8. O-O
Nc6 9. Kh1 Be7 10. f4 O-O 11. Qe1 Nb4 12. f5 Bd7 13. Bg5 Bc6 14. Qh4 Nxd3 15.
cxd3 b5 16. a3 h6 17. Bxh6 gxh6 18. Qxh6 Nh7 19. Rf3 Bg5 20. Qh5 f6 21. Qg6+ Kh8
22. Rh3 Ra7 23. Ng3 Be8 0-1